000 00678nam a22002057a 4500
003 SISC
005 20160317132135.0
008 130823t xxu||||| |||| 00| 0 eng d
020 _a9781855015999
050 _aNK 70
_b.M235 1995
082 _aHS 747
_bM289 1995
240 _aCreative crafts for creative hands
245 _aMaking home accesories :
_bhow to make beautiful gifts and objects for the home, from basic techniques to finishing touches /
260 _aLondon :
_bTiger Books International,
_c1995.
300 _a60 p. ;
_bill. col. ;
_c30 cm.
650 _aInterior design
_91128
650 _aDecoration and ornament
_912878
942 _2lcc
_cBK
999 _c9236
_d9236